MDQL
is popping MORE tags! Check the
thread
!
Quizzes
Events
Quiz Creation
Community
Videos
Private Events
Remove Ads
Sign In
Join for FREE
Feedback
Dark Mode
Quiz Categories
Sports
Geography
Music
Movies
Television
Just For Fun
Miscellaneous
History
Literature
Language
Science
Gaming
Entertainment
Religion
Holiday
For Kids
Quiz Lab
Recent
Popular Today
Quiz Kudos Today
Editor Picks
Curator Picks
Quizzes by...
Day
Popularity
Type
Ratings
Length
Year
Community
Subscriptions
Recent Discussions
Orange Saloon
Badges
Playlists
Quests
Create
Leaderboards
Showdown
Live 5
Trivia Bingo
Activity
Puzzle Library
Sporcle Events
Private Events
Virtual Trivia
Globe League
Become a Host
Pub Owners
SporcleCon
Opinionation
Our Games
Videos
Blog
Mobile Apps
Partnerships
Remove Ads and Go Orange
Feedback
Science
Computer
Plants
Astronomy
Chemistry
Elements
Math
Animal
Physics
Anatomy
Biology
Geology
General Science
Science
Computer
Plants
Astronomy
Chemistry
Elements
Math
Animal
Physics
Anatomy
Biology
Geology
General Science
Random Quiz
Search Sporcle
×
Quiz Lab
Quiz Lab
Science
Animal
Type in answers that appear in a list
Type in answers that appear in a list
Classic
Best Score? Go Orange.
Animal Disease Immunity Stats
Can you name the Animal Disease Immunity?
By
stefangel121
15m
35 Questions
17 Plays
17 Plays
17 Plays
Comments
Comments
Give Quiz Kudos
Give Quiz Kudos
-
- Ratings
hide this ad
Forced Order
Answers have to be entered in order
Answers have to be entered in order
Random Order
Randomize order of answers
Randomize order of answers
Replay
Link that replays current quiz
Next Quiz
Link to next quiz in quiz playlist
You Got
0%
They Got
Avg Score
61%
Avg Friend Score
Upgrade to see
Score Distribution
Jump to the score distribution portion of the page
Score
0/35
Timer
15:00
0
Plays Today
hint
% Correct
First line of defense in innate immunity includes:
intact skin
76.5%
Which type of response, primary or secondary, had no lag or latent phase?
secondary
76.5%
Is a puppy exposed to parvo in a kennel natural or artificial?
natural
76.5%
Innate immunity is possessed at _
_
_
_
_
.
birth
70.6%
T or F: Innate immunity is passive immunity.
F
70.6%
The abbreviation for immunoglobulin is:
Ig
70.6%
Is colostrum natural or artificial?
natural
70.6%
Is colostrum active or passive?
passive
70.6%
Are vaccinations natural or artificial?
artificial
70.6%
pH, normal flora, body temp, etc are all part of _
_
_
_
_
immunity.
innate
64.7%
The production of antibodies/
immunoglobulins is _
_
_
_
_
immunity.
humoral
64.7%
Antibodies are produced by _
_
_
_
_
cells.
plasma
64.7%
Which Ig is primarily important for mucosal immunity, found in mucous secretions, and can be passed via nursing?
IgA
64.7%
It takes _
_
to 14 days for immune response to peak.
ten
64.7%
Are antivenom, antitoxin, and antiserum active or passive?
passive
64.7%
Are vaccinations active or passive?
active
64.7%
Does natural-
passive acquired immunity last a long or short time?
short
64.7%
Does natural-
active acquired immunity last a long or short time?
long
64.7%
hint
% Correct
Humoral immunity is most effective against bacteria and viruses located _
_
_
_
_
of body cell and toxins.
outside
58.8%
How many immunoglobulins are there?
4
58.8%
Which Ig is the most abundant, has the highest concentration in blood, is produced with second exposure, and crosses the placenta?
IgG
58.8%
Which Ig is the second most common, produced in primary response, and does not cross the placenta?
IgM
58.8%
How long does the lag phase generally last?
5 days
58.8%
Is a puppy exposed to parvo active or passive?
active
58.8%
Are antivenom, antitoxin, and antiserum natural or artificial??
artificial
58.8%
Intentional injections of antigens are artificial-
_
_
_
_
_
.
active
58.8%
The state of not being susceptible:
immunity
52.9%
Cell-
mediated, humoral, natural, and artificial are all part of _
_
_
_
_
immunity.
acquired
52.9%
The second line of defense in innate immunity is a group of _
_
_
_
_
responses.
nonspecific
52.9%
Phagocytosis steps include: Chemotaxis, Attachment, _
_
_
_
, and Digestion.
Engulfment
52.9%
Immunity one acquires as they go through life, and is activated when innate defense fail, is _
_
_
_
immunity.
acquired
52.9%
Cell-
mediated immunity occurs when _
_
_
_
_
pathogens are present.
intracellular
52.9%
Which Ig is the primary antibody associated with hypersensitivity or allergic reactions and parasitic infections?
IgE
52.9%
Intentional injections of preformed antibodies are artificial-
_
_
_
_
_
.
passive
52.9%
Secondary response is also called _
_
_
_
_
_
response.
anamnestic
35.3%
Quiz Playlist
Details
Report
Send in Message
Add To Playlist
Classic:
Type in answers that appear in a list
Forced Order:
Answers have to be entered in order
Random Order:
Randomize order of answers
Last Updated: Feb 16, 2017
Quiz Scoreboard
CHALLENGE
Sign Up to Join the Scoreboard
Show All
Scores
Hide
Comments
May contain spoilers
Recently Published
Holiday 10x10 Sorting Gallery
by lukepisani3
Holiday
15m
Two Season TV Shows II
by 123Four
Television
10m
Image Sorting: Flags VI
by Barbecue
Geography
2m
More to Explore
Quiz From the Vault
Featured Blog Post
14 Easter Pick-up Lines to Find Eggs With
hide this ad
You Might Also Like...
Tags
Animal Quiz
disease
Immunity
Today's Top Quizzes in Science
Browse Science
hide this ad
Today's Top Quizzes in Animal
Browse Animal
Top Contributed Quizzes in Science
1
Mitosis Sporcle for Escape Room
2
Windmill: Elements
3
200 Vogels in Nederland
4
Glycolysis
5
Elements In Images
6
Periodic Table of Elements by Abbreviations
7
Square Numbers Scrambled (1-50)
8
Quick Pick: 'CI-CJ' Animals
9
4-letter Elementary Words III
10
The First 100 Digits of Pi
Explore More
Trending Topics
Harry Potter
Kpop
Disney
NBA
Anime
Marvel
Crossword
The Office
WWE
NFL
Puzzle
Pokémon
Country
Soccer
Song
hide this ad
More By:
stefangel121
Quiz
Plays
Rating
Category
Featured
Created
Groups of Seven
273
3.00
Just For Fun
Dec 4, 2009
Classic Medical Term Prefix/Suffix Quiz
221
3.00
Science
Aug 29, 2012
Suture Review
103
Science
Apr 23, 2012
Surgical Nursing Exam 1
96
Science
Sep 26, 2011
Pharmacokinetics
91
Science
Feb 8, 2011
Go to Creator's Profile
Score Distribution
Quiz Creator Spotlight
stefangel121
Follow
Send a Message
Quizzes Created
-
Created Quiz Play Count
-
More By This Creator
Popular Quizzes Today
1
Find the US States - No Outlines Minefield
2
Colored Red Africa Blitz
3
Find the 'City' Movie
4
The Countries of the World
5
5x2 Blitz: Bands
6
Find the Countries of Europe - No Outlines Minefield
7
Find the US States
8
US States
More Science Quizzes
Symbol Cryptogram: Elements VI
Quiz Lab
Trending Quizzes
Colored Red Europe Blitz I
Colored Red Europe Blitz II
Colored Red Africa Blitz II
Colored Red Europe Blitz III
Colored Red Africa Blitz III
Recently Updated
Odd Team Out - Big 4 Players
pecheneg
Quick Pick: 20 Twenties
pecheneg
March Madness Men's Triple Doubles
pecheneg
How Do You Spell That?
pecheneg
Godzilla Movies
pecheneg
Grab Bag: 4-10 Letters
pecheneg
2024 March Madness Bracket
pecheneg
Famous TV Couples
Peacemaker
Champions League XIs: Real Madrid
pecheneg
Largest US Cities 1790-2010
pecheneg
Trending Topics
Anime
Crossword
Disney
Marvel
Kpop
NBA
Harry Potter
Puzzle
The Office
WWE
NFL
Song
Soccer
Country
Pokémon
Your Account Isn't Verified!
In order to create a playlist on Sporcle, you need to verify the email address you used during registration. Go to your
Sporcle Settings
to finish the process.
Report this User
Report this user for behavior that violates our
Community Guidelines
.
Details:
Send Report
Go to the Sporcle.com Mobile Site →
Comments